| 000 | 00491cam a2200169 4500 | ||
|---|---|---|---|
| 999 |
_c91 _d91 |
||
| 020 | _a0521076226 | ||
| 050 | 0 | 0 |
_aHD2130.W5 _bH54 |
| 100 | 1 | _aHill, Polly, | |
| 245 | 1 | 0 | _aStudies in rural capitalism in West Africa. |
| 260 |
_aCambridge [Eng.] _bUniversity Press, _c1970. |
||
| 300 |
_axxiii, 172 p. _billus. _c24 cm. |
||
| 440 | 0 | _aAfrican studies series, | |
| 500 | _aINCLUDES INDEX | ||
| 650 | 0 |
_aAgriculture _xEconomic aspects _xCase studies. |
|
| 650 | 0 |
_aFarmers _xCase studies. |
|
| 942 | _cBK | ||